| 000 -LEADER |
| fixed length control field |
00695nam a22001577a 4500 |
| 003 - CONTROL NUMBER IDENTIFIER |
| control field |
OSt |
| 005 - DATE AND TIME OF LATEST TRANSACTION |
| control field |
20150921143139.0 |
| 008 - FIXED-LENGTH DATA ELEMENTS--GENERAL INFORMATION |
| fixed length control field |
150921b xxu||||| |||| 00| 0 eng d |
| 040 ## - CATALOGING SOURCE |
| Transcribing agency |
RUA |
| 082 ## - DEWEY DECIMAL CLASSIFICATION NUMBER |
| Classification number |
AGR KHA 2010 BO43 Or.1 |
| 100 ## - MAIN ENTRY--PERSONAL NAME |
| 9 (RLIN) |
1014 |
| Personal name |
KHAN, KOSAL |
| 245 ## - TITLE STATEMENT |
| Title |
Effect of seen priming with various FTi-7 fertilizer concentrations on seed quality of ir 66 rice,(ឥទ្ធិពលនៃកា៥ត្រាំគ្រាប់ក្នុងកំហាប់ជីអេហ្វធីអាយ៧លើដំណុះនៃគ្រាប់ពូជស្រូវអ៊ីអ៊ែ៦៦). |
| 260 ## - PUBLICATION, DISTRIBUTION, ETC. (IMPRINT) |
| Place of publication, distribution, etc. |
phnom phen |
| Name of publisher, distributor, etc. |
RUA |
| Date of publication, distribution, etc. |
29CM. |
| 300 ## - PHYSICAL DESCRIPTION |
| Extent |
X,56P. |
| Other physical details |
ILL. |
| Dimensions |
29CM. |
| 942 ## - ADDED ENTRY ELEMENTS (KOHA) |
| Source of classification or shelving scheme |
|
| Koha item type |
AGR |